000 00530nam a22001937a 4500
999 _c526835
_d526835
003 NUST
005 20190717053741.0
008 190717b ||||| |||| 00| 0 eng d
038 _aFaiza
082 _a891.421092
_bKAn
100 _aShareef Kanjhai
_917825
245 _aSahwan Da Weeza/
_cShareef Kanjhai
260 _aGujrat:
_bAl Meer Trust Library,
_c1996.
300 _a368p. ;
500 _aHard Cover
880 _6100-01\r
_aشریف کنجاہی
880 _6245-02\r
_aساہواں دا ویزا
942 _2ddc
_cBK